| 000 | 00723nam a2200229 a 4500 | ||
|---|---|---|---|
| 005 | 20140310183220.0 | ||
| 008 | 030908s19uu xx 00 eng d | ||
| 020 | _a0415230993 | ||
| 050 |
_aHM 736 _b.P46 2002 |
||
| 100 | _aPennington, Donald C. | ||
| 245 |
_aThe Social psychology of behaviour in small groups / _cDonald C. Pennington. |
||
| 260 |
_aHove, England : _bpsychology press, _c2002. |
||
| 300 |
_a226 p. : _bill. ; _c22 cm. |
||
| 440 | _aPsychology focus | ||
| 500 | _aIncludes bibliographical references and index | ||
| 521 | _aPSYCH | ||
| 650 |
_aSmall groups _xpsychological aspects |
||
| 650 | _aSocial psychology | ||
| 650 | _aOrganisational behaviour | ||
| 942 |
_cBK _2lcc _kFLIR |
||
| 999 |
_c20311 _d20311 |
||